000 02444cam a22003971 4500
001 gs 34000128
003 DLC
005 20260227111338.0
008 800625s1933 dcuabf b f001 0 eng
010 _ags 34000128
035 _a(OCoLC)6459034
040 _aDLC
_cICharE
_dDLC
043 _an-us-ak
050 0 0 _aQE75
_b.B9 no. 849
051 _aTN24.A4
_bS56
_cCopy 2.
100 1 _aSmith, Philip S.
_q(Philip Sidney),
_d1877-1949.
245 1 0 _aInvestigations in Alaska railroad belt, 1931,
_cby Philip S. Smith and others.
260 _aWashington,
_bU.S. Govt. Print. Off.,
_c1933.
300 _av, 530 p.
_bincl. illus., maps, plans, tables, diagrs., profiles, 36 pl. (part col., part fold., incl. maps, plans, profiles)
_c24 cm.
490 0 _aU.S. Geological survey. Bulletin 849
500 _aAt head of title: United States Department of the Interior. Harold L. Ickes, Secretary. Geological survey, W.C. Mendenhall, director.
500 _aEach chapter is issued separately as 849A-849I, with special title-page, table of contents and the general foreword. The general title-page and table of contents was issued at end of 849I. The special title-pages and tables of contents of 849A-849I and the general foreword of 849B-849I are not included in collation.
504 _aIncludes bibliographies.
505 0 _aForeword, by P.S. Smith.--Progress of surveys in the anthracite ridge district, by R.W. Richards and G.A. Waring.--Lode deposits of the Fairbanks district, by J.M. Hill.--The Willow creek gold lode district, by J.C. Ray.--The Mount Eielson district, by J.C. Reed.--Mineral deposits near the west fork of the Chulitna river, by C.P. Ross.--Lode deposits of Eureka and vicinity, Kantishna district, by F.G. Wells,--The Girdwood district, by C.F. Park, Jr.--The Valdez creek mining district, by C.P. Ross.--The Moose Pass-Hope district, Kenai peninsula, by Ralph Tuck.
650 0 _aMines and mineral resources
_zAlaska.
650 0 _aOre deposits
_zAlaska.
700 1 _aRichards, R. W.
_q(Ralph Webster),
_d1879-
700 1 _aWaring, Gerald A.
_q(Gerald Ashley),
_d1883-
700 1 _aHill, James M.
_q(James Madison),
_d1884-
700 1 _aRay, James Chandler,
_d1882-
700 1 _aReed, John Calvin,
_d1905-
700 1 _aRoss, Clyde P.
_q(Clyde Polhemus),
_d1891-
700 1 _aWells, Francis G.
_q(Francis Gerritt),
_d1898-
700 1 _aPark, Charles Frederick,
_d1903-
700 1 _aTuck, Ralph,
_d1904-
999 _c27101
_d27101